The Aryabhatiya of Aryabhata (Record no. 5405)

MARC details
000 -LEADER
fixed length control field 00632nam a2200181Ia 4500
003 - CONTROL NUMBER IDENTIFIER
control field IN-BaIIA
008 - FIXED-LENGTH DATA ELEMENTS--GENERAL INFORMATION
fixed length control field 211028s9999 xx 000 0 eng d
040 ## - CATALOGING SOURCE
Transcribing agency IIA Library
080 ## - UNIVERSAL DECIMAL CLASSIFICATION NUMBER
Universal Decimal Classification number 52(091)
Item number THE
245 #4 - TITLE STATEMENT
Title The Aryabhatiya of Aryabhata
Remainder of title an ancient Indian work on mathematics and astronomy
Statement of responsibility, etc. translated by Walter Eugene Clark
260 ## - PUBLICATION, DISTRIBUTION, ETC.
Place of publication, distribution, etc. Chicago
Name of publisher, distributor, etc. University of Chicago Press
Date of publication, distribution, etc. 1950
300 ## - PHYSICAL DESCRIPTION
Extent xxix, 90p.
650 ## - SUBJECT ADDED ENTRY--TOPICAL TERM
Topical term or geographic name entry element Aryabhatiya
9 (RLIN) 9399
650 ## - SUBJECT ADDED ENTRY--TOPICAL TERM
Topical term or geographic name entry element Astronomy and astrophysics thesaurus
650 ## - SUBJECT ADDED ENTRY--TOPICAL TERM
Topical term or geographic name entry element History-astronomy
9 (RLIN) 1125
700 ## - ADDED ENTRY--PERSONAL NAME
Personal name Clark, Walter Eugene., tr.
9 (RLIN) 9400
942 ## - ADDED ENTRY ELEMENTS (KOHA)
Koha item type Books
Holdings
Withdrawn status Lost status Damaged status Not for loan Home library Current library Shelving location Date acquired Total Checkouts Full call number Barcode Date last seen Date last checked out Price effective from Koha item type
        IIA Library-Bangalore IIA Library-Bangalore General Stacks 22/01/1977 1 52(091)/ THE 6042 27/02/2025 27/02/2025 22/01/1977 Books

Powered by Koha